000 00748nam a22002657a 4500
001 BR8702697
003 BR-BrBNA
005 20230928092525.0
007 ta
008 230509b bl.||||| |||| 00| 0 por d
040 _aBR-BrBNA
_bpor
_cBiblioteca Nacional de Agricultura
041 _a(Por)
072 _aC20
090 _ C20 BR8702697
100 1 _aSilva, M. do C.
100 1 _aLima, A.L. de
110 1 _aUniversidade Federal de Vicosa, MG (Brasil). Conselho de Extensao
_910969
245 1 _aO servico de extensao rural em Minas Gerais (retrospectiva)
260 3 _aVicosa, MG (Brasil):
_c1984.
300 _a39 p.
650 _aEXTENSAO RURAL
650 _aMINAS GERAIS
909 _a202309
_bLucia
_c55
_dLucia Elande
942 _cBK
999 _c39592
_d39592